Ada County, Idaho Municipalities (Map) - Statistics

General Stats
  • This quiz has been taken 18 times
    15 since last reset
  • The average score is 7 of 14
Answers on the Map
Answers color-coded by a green-red scale on the quiz's map according to % correct below.
 
Answer Stats
Municipality % Correct
Boise
100%
Eagle
100%
Meridian
100%
Kuna
91%
Star
82%
Garden City
73%
Hidden Springs
45%
Mora
27%
Owyhee
27%
Blacks Creek
18%
Orchard
18%
Pleasant Valley
18%
Regina
18%
Stewart Gulch
18%
No matching quizzes found
Score Distribution
Percent of People with Each Score
Percentile by Number Answered
Your Score History
You have not taken this quiz since the last reset